| 000 | 00563nam a2200205Ia 4500 | ||
|---|---|---|---|
| 003 | OSt | ||
| 005 | 20250310143332.0 | ||
| 008 | 210210b1983 xxu||||| |||| 00| 0 eng d | ||
| 040 | _cAL | ||
| 041 | _ahin | ||
| 082 | _aH891.3 SAHM | ||
| 100 |
_aSAHANI (Bhishm): _9205390 |
||
| 110 |
_bसाहनी भीष्म _9205391 |
||
| 245 |
_aMeri priy kahaniyan: _bमेरी प्रिय कहानियाँ |
||
| 260 |
_aDilli _bRajpal and Sons _c1983 |
||
| 300 | _a127 | ||
| 690 |
_aHindi Fiction _9205392 |
||
| 906 | _aSG02930 | ||
| 942 |
_2ddc _cBK |
||
| 999 |
_c113811 _d113811 |
||